000 00871nam a2200289 i 4500
001 bg
100 1 _aKowalczyk, Aleksandra.
245 1 0 _aWalory turystyczne Pomorza /
_cAleksandra Kowalczyk.
260 _aBydgoszcz :
_bWydawnictwo Uniwersytetu Kazimierza Wielkiego,
_c2007.
300 _a171 s. :
_bil. ;
_c24 cm.
504 _aBibliogr. s. 146-149.
546 _aStreszcz. esper.
651 9 _aPomorze
651 9 _aPomorze
_xśrodowisko
651 9 _aPomorze
_xturystyka
655 _aPrzewodniki turystyczne
015 _aPB 14416/2008
020 _a9788370966263
040 _cBPK
041 0 _apol
_bepo
044 _aPOL
080 _a913(438)(036)A/Z:502:338.48
920 _a978-83-7096-626-3
942 _cKS
008 080311s2007 pl a |000 0 pol
999 _c55415
_d55415
856 _uhttp://koha.tu.koszalin.pl/cgi-bin/koha/opac-detail.pl?biblionumber=55415
_yKatalog online BPK